| 000 | 00483nam a2200157Ia 4500 | ||
|---|---|---|---|
| 008 | 170224s9999 xx 000 0 und d | ||
| 100 | _aCarl Therrien | ||
| 245 | _aEnter the bit wars: A study of video game marketing and platform crafting in the wake of the TurboGrafx-16 launch | ||
| 245 | _cCarl Therrien, Martin Picard | ||
| 260 | _bNew Media & Society | ||
| 260 | _c2016 | ||
| 300 | _a18:10 | ||
| 500 | _a2016 | ||
| 650 | _xCommunication Arts | ||
| 650 | _xMultimedia Arts | ||
| 999 |
_c316204 _d316204 |
||